000
00291nam a22001337a 4500
008
181018b xxu||||| |||| 00| 0 eng d
020
_a
9780521542043
041
_a
eng
080
_a
004
100
_a
37
101
_a
SHK
245
_a
Talking With Computers
_c
Dean.th
942
_2
udc
_c
BK
999
_c
50099
_d
50099